Catecismo social / (Record no. 94145)

MARC details
000 -LEADER
campo de control de longitud fija 01074cam a2200313Ii 4500
001 - NÚMERO DE CONTROL
campo de control 43915
005 - FECHA Y HORA DE LA ÚLTIMA TRANSACCIÓN
campo de control 20230410142343.0
008 - DATOS DE LONGITUD FIJA--INFORMACIÓN GENERAL
campo de control de longitud fija 800703m19621963sp b 001 0 spa d
035 ## - NÚMERO DE CONTROL DEL SISTEMA
Número de control de sistema (OCoLC)ocm06481978
040 ## - FUENTE DE CATALOGACIÓN
Centro catalogador/agencia de origen NMH
Centro/agencia transcriptor NMH
Centro/agencia modificador OCL
-- DIBAM
035 ## - NÚMERO DE CONTROL DEL SISTEMA
Número de control de sistema (OCoLC)6481978
049 ## - FONDOS LOCALES (OCLC)
Biblioteca depositaria GRAL
050 14 - SIGNATURA TOPOGRÁFICA DE LA BIBLIOTECA DEL CONGRESO
Número de clasificación BX 1753
Número de ítem W464c 1962
082 00 - NÚMERO DE LA CLASIFICACIÓN DECIMAL DEWEY
Número de clasificación 261.8
100 1# - ENTRADA PRINCIPAL--NOMBRE DE PERSONA
Nombre de persona Welty, Eberhard,
Fechas asociadas al nombre 1902-
245 10 - MENCIÓN DEL TÍTULO
Título Catecismo social /
Mención de responsabilidad, etc. Eberhard Welty.
250 ## - MENCION DE EDICION
Mención de edición 2a ed.
260 ## - PUBLICACIÓN, DISTRIBUCIÓN, ETC.
Lugar de publicación, distribución, etc. Barcelona :
Nombre del editor, distribuidor, etc. Herder,
Fecha de publicación, distribución, etc. 1962-1963.
300 ## - DESCRIPCIÓN FÍSICA
Extensión v.<1> ;
Dimensiones 22 cm.
500 ## - NOTA GENERAL
Nota general Translation of : Herders Sozialkatechismus.
504 ## - NOTA DE BIBLIOGRAFÍA, ETC.
Nota de bibliografía, etc. Includes bibliographies and indexes.
505 0# - NOTA DE CONTENIDO CON FORMATO
Nota de contenido con formato t. 1. Cuestiones y elementos fundamentales de la vida social.--t. 2. La constitución del orden social.--t. 3. La ordenación de la vida económica, el trabajo y la propiedad.
650 #0 - PUNTO DE ACCESO ADICIONAL DE MATERIA--TÉRMINO DE MATERIA
Término de materia o nombre geográfico como elemento de entrada Christian sociology
Subdivisión general Catholic Church.
650 #7 - PUNTO DE ACCESO ADICIONAL DE MATERIA--TÉRMINO DE MATERIA
Término de materia o nombre geográfico como elemento de entrada IGLESIA CATOLICA Y PROBLEMAS SOCIALES.
Fuente del encabezamiento o término renib
650 #7 - PUNTO DE ACCESO ADICIONAL DE MATERIA--TÉRMINO DE MATERIA
Término de materia o nombre geográfico como elemento de entrada SOCIOLOGIA CRISTIANA.
Fuente del encabezamiento o término renib
942 ## - ELEMENTOS DE ENTRADA SECUNDARIOS (KOHA)
Fuente del sistema de clasificación o colocación Clasificación de Library of Congress
Tipo de ítem Koha
946 ## - PROCESAMIENTO DE INFORMACIÓN LOCAL (OCLC)
a joacosta
994 ## -
-- C0
-- DRFGD
Holdings
Estatus retirado Estado de pérdida Fuente del sistema de clasificación o colocación Estado de daño No para préstamo Colección Biblioteca de origen Biblioteca actual Ubicación en estantería Fecha de adquisición Serial enumeration / chronology Signatura topográfica completa Código de barras Visto por última vez Copia número Tipo de ítem Koha
    Clasificación de Library of Congress     Humanidades Biblioteca Juan Bosch Biblioteca Juan Bosch Humanidades (4to. Piso) 10/04/2023 t.1 | 1 BX 1753 W464c 1962 00000044893 17/11/2018 1